La parola mancante - Titoli di canzoni italiane #2 - Statistics

Statistiche generali
  • Questo quiz è stato fatto 233 volte
    92 dall'ultimo reset
  • Il punteggio medio è 13 su 20
Statistiche sulle risposte
Cantante Soluzione % Corretto
Francesco Gabbani Occidentali's {karma}
99%
Mahmood {Tuta} gold
99%
Annalisa Mon {amour}
98%
Raffaella Carrà A far l'{amore} comincia tu
95%
Vasco Rossi Vita {spericolata}
93%
Adriano Celentano Il ragazzo della via {Gluck}
91%
Antonello Venditti Ci vorrebbe un {amico}
84%
Mina Se {telefonando}
76%
Pino Daniele Je so' {pazzo}
74%
Michele Zarrillo {Cinque} giorni
71%
Simone Bersani Giudizi {universali}
69%
Lucio Battisti Mi {ritorni} in mente
58%
Raf Cosa {resterà} degli anni '80
48%
Ligabue Ho {messo} via
44%
Roberto Vecchioni Voglio una {donna}
39%
Carmen Consoli {Confusa} e felice
30%
Claudio Baglioni La vita è {adesso}
29%
Marco Ferradini {Teorema}
29%
Umberto Tozzi Se non {avessi} te
21%
Giorgia {Strano} il mio destino
16%
Nessun quiz corrispondente trovato
Distribuzione punteggi
Percentuale di utenti per punteggio
Percentile per numero di risposta
I tuoi punteggi nel tempo
Non hai fatto questo quiz dall'ultimo reset